000 00712nam a2200205Ia 4500
003 GCL
008 140319s9999 xx 000 0 ara d
040 _aGCL /
_cGCL
082 0 4 _a817.008
_bق ذ
100 1 _aالقيروانى , ابواسحاق ابراهيم
245 1 0 _aذيل زهر الاداب او جمع الجواهر فى الملح والنوادر /
_cالقيروانى , ابواسحاق ابراهيم
260 _a[S.N] :
_bالهيئة المصرية العامة للكتاب
300 _a352 ص
490 _a
650 0 4 _aالادب العربى
650 0 4 _aالنوادرالعربية
650 0 4 _aالادب الشعبى
650 0 4 _aالتأليف
942 _2ddc
_cBK
999 _c58650
_d58650